Cryptogram: Countries II Quiz Stats

 Plays Quiz Updated Oct 18, 2016

Challenge
Share
Tweet
Embed
Score 0/16 Timer 07:00
0 Plays Today
Cryptogram Country % Correct
XENHOMAN
92.3%
ENOJNMALTA
82.7%
FPEPHYEMEN
80.9%
CJNOFITALY
80.2%
JLTIPFTURKEY
69.9%
JMNCONHBTHAILAND
62.1%
ENWPBXHCNMACEDONIA
61.7%
ZNONLPALAU
61.4%
Cryptogram Country % Correct
GPHPRNOSENEGAL
57.8%
RTPHNBNGRENADA
55.1%
SPORCLEBELGIUM
54.7%
MXHBLTNGHONDURAS
53.4%
IFTRFYGJNHKYRGYZSTAN
51.7%
QTNHWPFRANCE
50.1%
VNENCWNJAMAICA
49.7%
SNTSNBXGBARBADOS
49.6%

You're not logged in!

Compare scores with friends on all Sporcle quizzes.
Join for Free
OR
Log In

You Might Also Like...

Show Comments

Extras

Top Quizzes Today


Score Distribution

Your Account Isn't Verified!

In order to create a playlist on Sporcle, you need to verify the email address you used during registration. Go to your Sporcle Settings to finish the process.

Report this User

Report this user for behavior that violates our Community Guidelines.

Details: